00853nam a2200193 a 450000100100000000500170001000800410002704000250006808200120009310000370010524501270014226000670026930000200033660000590035691000380041504900090045395201800046299900170064200003010820240409073642.0110429d1944 dr 000 0 spa d aDO-SdBNPbspacBNPHU aF-RD 291 aFernández Mato, Ramón95680313aEl generalísimo Trujillo :bfundamentos políticos y ambito emocional de una admiración /cRamón Fernández Matos. aCiudad Trujillo, República Dominicana :bLa Nación,c1944. a15 p. ;c22 cm.10aTrujillo Molina, Rafael Leónidas,d 1891-1961976764 aValidado. Control de calidad EMS. aBNPD 001050718RVaPDbPDcHDd2011-04-29iLF1l0oF-RD 29 p30108-10r2020-06-25w2020-06-25y1zPerteneció a la biblioteca personal de Carlos Larrabazal Blanco.ZNo se presta c29600d29600